Impact of climate change and watershed development on river basin hydrology using SWAT- a case study (Record no. 15107)
[ view plain ]
| 000 -LEADER | |
|---|---|
| fixed length control field | 00878nam a22001817a 4500 |
| 003 - CONTROL NUMBER IDENTIFIER | |
| control field | OSt |
| 088 ## - REPORT NUMBER | |
| Report number | T 356 |
| 100 ## - MAIN ENTRY--AUTHOR NAME | |
| Personal name | ANU VARUGHESE |
| 245 ## - TITLE STATEMENT | |
| Title | Impact of climate change and watershed development on river basin hydrology using SWAT- a case study |
| 260 ## - PUBLICATION, DISTRIBUTION, ETC. (IMPRINT) | |
| Place of publication | Tavanur 2016 |
| Name of publisher | Department of Irrigation and Drainage Engineering |
| 300 ## - PHYSICAL DESCRIPTION | |
| Number of Pages | 185 |
| 500 ## - GENERAL NOTE | |
| General note | Impact of climate change and watershed development on river basin hydrology using SWAT- a case study |
| 520 ## - SUMMARY, ETC. | |
| Summary, etc | Climate change is recognized as one of the most serious challenges mankind is facing today. bharathapuzha. the catchment area was downloaded and was delineated using soil and water assessment tool. doctor of philosophy |
| 700 ## - ADDED ENTRY--PERSONAL NAME | |
| Personal name | Dr. Hajilal M. S (Guide) |
| 856 ## - ELECTRONIC LOCATION AND ACCESS | |
| Uniform Resource Identifier | https://drive.google.com/open?id=1uqBy7yS7k9BUq64fbfyWj-A3DL0OmWLw |
| 942 ## - ADDED ENTRY ELEMENTS (KOHA) | |
| Koha item type | Theses |
| Collection code | Home library | Current library | Shelving location | Full call number | Accession Number | Koha item type | Public note |
|---|---|---|---|---|---|---|---|
| Reference | KAUAET | KAUAET | Reference | 631.587 ANU/IM | T 356 | Theses | PhD Thesis |
